Ley 25446 de fomento del libro y la lectura /

Guardado en:
Formato: Libro
Publicado: Buenos Aires : Asociación de Abogados de Buenos Aires, 2001
Materias:
Etiquetas: Agregar Etiqueta
Sin Etiquetas, Sea el primero en etiquetar este registro!
LEADER 00529nam a22001815a 4500
001 CEM.cems011160
005 20060214000000.0
008 130507s2001##################000#0#####d
003 CEMS
082 0 4 |a F025 
245 0 0 |a Ley 25446 de fomento del libro y la lectura / 
260 |a Buenos Aires :  |b Asociación de Abogados de Buenos Aires,  |c 2001 
300 |a 7 p. 
653 |a Leyes 
653 |a Ley 25446 
653 |a Lectura-ley de fomento 
653 |a Libro-ley de fomento 
859 |a CEMS  |b BIB. CEMS - 11 de abril  |h F025  |i 1  |p 1890.44  |t Ej.1